|
|
|
|
| LEADER |
00000nam0a2200000 4500 |
| 001 |
37945 |
| 005 |
20231101210450.0 |
| 010 |
|
|
|a 5283037967
|
| 035 |
|
|
|a (RuTPU)RU\TPU\book\38539
|
| 090 |
|
|
|a 37945
|
| 100 |
|
|
|a 20020206d1990 k y0rusy50 ca
|
| 101 |
0 |
|
|a rus
|
| 102 |
|
|
|a RU
|
| 105 |
|
|
|a a z 001zy
|
| 200 |
1 |
|
|a АЭС и ВВЭР: режимы, характеристики, эффективность
|f Р. З. Аминов, В. А. Хрусталев, А. С. Духовенский, А. И. Осадчий
|
| 210 |
|
|
|a Москва
|c Энергоатомиздат
|d 1990
|
| 215 |
|
|
|a 264 с.
|c ил.
|
| 320 |
|
|
|a Библиогр.: с. 256-262.
|
| 606 |
1 |
|
|a Атомные электрические станции
|x Ядерные реакторы водо-водяные
|2 stltpush
|3 (RuTPU)RU\TPU\subj\29783
|9 53045
|
| 610 |
1 |
|
|a атомные электростанции
|
| 610 |
1 |
|
|a водо-водяные энергетические реакторы
|
| 610 |
1 |
|
|a ядерная энергетика
|
| 610 |
1 |
|
|a АЭС
|
| 610 |
1 |
|
|a ВВЭР
|
| 610 |
1 |
|
|a оборудование
|
| 610 |
1 |
|
|a энергоблоки
|
| 610 |
1 |
|
|a ядерные паропроизводящие установки
|
| 610 |
1 |
|
|a турбогенераторы
|
| 610 |
1 |
|
|a замещающая энергогенерирующая мощность
|
| 675 |
|
|
|a 621.311.25:621.039.52
|v 3
|
| 701 |
|
1 |
|a Аминов
|b Р. З.
|g Рашид Зарифович
|
| 701 |
|
1 |
|a Хрусталев
|b В. А.
|g Владимир Александрович
|
| 701 |
|
1 |
|a Духовенский
|b А. С.
|g Андрей Сергеевич
|
| 701 |
|
1 |
|a Осадчий
|b А. И.
|g Александр Иванович
|
| 801 |
|
1 |
|a RU
|b 63413507
|c 20020206
|g PSBO
|
| 801 |
|
2 |
|a RU
|b 63413507
|c 20201013
|g PSBO
|
| 900 |
|
|
|a Теория управления ядерным реактором
|
| 900 |
|
|
|a Энергооборудование ядерных энергетических установок
|
| 900 |
|
|
|a Гидродинамика и теплообмен в ядерном реакторе
|
| 942 |
|
|
|c BK
|